000 00751nam a2200205 i 4500
001 42317
003 ES-MaACL
005 20251001143817.0
007 t|
008 030313s1971 sp ||||1| spa d
100 1 _aCastillo Genzor, Adolfo.
_936746
245 1 0 _aAlbareda fué así
_b: semilla y surco /
_cAdolfo Castillo Genzor y Mariano Tomeo Lacrue.
260 _aMadrid :
_bConsejo Superior de Investigaciones Científicas,
_c1971.
300 _aXV, 358 p., 37 lám. ;
_c25 cm.
600 1 7 _aAlbareda Herrera, José María,
_d1902-1966
_2
_9157514
700 1 _aTomeo Lacrue, Mariano.
_9110551
710 2 _aConsejo Superior de Investigaciones Científicas (España)
_93236
852 _aES-MaACL
_jC-40957
_bR.80880
999 _c42317
_d42317